| 000 | 00585cam a2200145 4500500 | ||
|---|---|---|---|
| 005 | 20251012020704.0 | ||
| 041 | _afre | ||
| 042 | _adc | ||
| 100 | 1 | 0 |
_ad'Arienzo, María _eauthor |
| 245 | 0 | 0 | _aEnti di culto e finanziamento delle confessioni religiose. L'esperienza di un ventennio (1985-2005), Isabella Bolgiani (dir.), Il Mulino, Bologne, 2007, 375 p. |
| 260 | _c2007. | ||
| 500 | _a3 | ||
| 786 | 0 | _nL'Année canonique | XLIX | 1 | 2007-02-11 | p. 508-513 | 0570-1953 | |
| 856 | 4 | 1 | _uhttps://shs.cairn.info/revue-l-annee-canonique-2007-1-page-508?lang=fr&redirect-ssocas=7080 |
| 999 |
_c1536491 _d1536491 |
||